1381 1913 1771 1916 1062 1504 1909 1784 1970 1116 1027 1699 1969 1189 1450 1029 1217 1702 1985 1497 1473 1220 1747 1360 1294 1822 1624 1280 1596 1852 1517 1878 1823 1723 1197 1855 1220 1050 1077 1685 1887 1693 1025 1103 1442 1668 1836 1694 1124 1467 1636 1991 1396 1824 1452 1846 1013 1850 1512 1661 1909 1914 1873 1404 1024 1318 1192 1517 1351 1061 1848 1141 1446 1901 1945 1913 1890 1597 1434 1760 1872 1120 1388 1652 1978 1541 1621 1687 1673 1025 1148 1470 1764 1801 1068 1658 1640 1003 1414 BCNSPRNW ULIB Ver.6.0+V

เปลี่ยนเป็นภาษาไทย

Change to English
 แสดงรายละเอียดบรรณานุกรม
  กลับหน้าหลัก

Brief Record : Get Marc (ISO 2709) : E-mail record : QR code < ปิดหน้าต่าง
LEADER : 00000nam 2200000uu 4500
001    13399124551
003     ULIB
008    150918s2557||||th 000 0 tha d
020    ^a9786167741130
060 04 ^aWY100^bอ317ก ล.2
100 0  ^aอรชร ศรีไทรล้วน, บรรณาธิการ
245 00 ^aการพยาบาลพื้นฐานเล่ม 2 =^bFundamentals of Nursing II /^cอรชร ศรีไทรล้วน, บรรณาธิการ
250    ^aพิมพ์ครั้งที่ 1 ( ราคา 230 บาท )
260    ^aกรุงเทพฯ :^bภาควิชาการบริหารการพยาบาลและพื้นฐานวิชาชีพ,^c2557
300    ^a193 หน้า :^bภาพประกอบ ; ตาราง ;^c26 ซม.
505 0  ^aบทที่ 1 บทบาทพยาบาลกับการบริหารยารับประทาน
505 0  ^aบทที่ 2 บทบาทพยาบาลในการใช้ความร้อนและความเย็นเพื่อการบำบัด
505 0  ^aบทที่ 3 การพยาบาลเพื่อตอบสนองความต้องการการพักผ่อนนอนหลับ
505 0  ^aบทที่ 4 บทบาทพยาบาลกับการบริหารยาฉีดและการให้สารละลายทางหลอดเลือดดำ
505 0  ^aบทที่ 5 บทบาทพยาบาลในการดูแลบุคคลที่มีปัญหาเกี่ยวกับการขับถ่ายปัสสาวะ
505 0  ^aบทที่ 6 บทบาทพยาบาลในการดูแลบุคคลที่มีปัญหาเกี่ยวกับการขับถ่ายอุจจาระ
505 0  ^aบทที่ 7 บทบาทพยาบาลในการดูแลผู้ป่วยที่มีบาดแผล
505 0  ^aบทที่ 8 บทบาทพยาบาลกับการใช้ผ้าพัน
650  7 ^aการพยาบาลพื้นฐาน
650  7 ^aพยาบาล
700 0  ^aสุภวรรณ วงศ์ธีรทรัพย์,^eบรรณาธิการ
700 0  ^aอมรรัตน์ เสตสุวรรณ,^eบรรณาธิการ
945    ^p230^l0^i039835
945    ^p230^l0^i039834
945    ^p230^l0^i039833
945    ^p230^l0^i039832
945    ^p230^l0^i039831
945    ^p230^l0^i039830
945    ^p230^l0^i039829
945    ^p230^l0^i039828
945    ^p230^l0^i039827
945    ^p230^l0^i039826
999    ^aเกษร โพธิ์สุวรรณ
รายการนี้ยังไม่มีแท็ก
คุณยังไม่ได้ล็อกอิน คุณสามารถมีกิจกรรมร่วมกับเว็บไซต์ได้ แต่ต้องล็อกอินก่อน ::
  ล็อกอิน

รายการสื่อสารสนเทศ

ลำดับที่ ประเภท เลขเรียก/บาร์โค้ด สถานที่ สถานะ
1. Book การพยาบาล
Book การพยาบาล
สถานะ=หนังสือเก่า
WY100 อ317ก ล.2 ฉ.1 
  Barcode: 039826
ห้องสมุดวิทยาเขตสวรรค์ประชารักษ์
►ส่วนจัดเก็บหนังสือเก่า สปร
บนชั้น
  ขอยืม
2. Book การพยาบาล
Book การพยาบาล
สถานะ=หนังสือเก่า
WY100 อ317ก ล.2 ฉ.10 
  Barcode: 039835
ห้องสมุดวิทยาเขตสวรรค์ประชารักษ์
►ส่วนจัดเก็บหนังสือเก่า สปร
บนชั้น
  ขอยืม
3. Book การพยาบาล
Book การพยาบาล
WY100 อ317ก ล.2 ฉ.2 
  Barcode: 039827
ห้องสมุดวิทยาเขตสวรรค์ประชารักษ์
►วารสาร
บนชั้น
  ขอยืม
4. Book การพยาบาล
Book การพยาบาล
สถานะ=หนังสือเก่า
WY100 อ317ก ล.2 ฉ.3 
  Barcode: 039828
ห้องสมุดวิทยาเขตสวรรค์ประชารักษ์
►ส่วนจัดเก็บหนังสือเก่า สปร
บนชั้น
  ขอยืม
5. Book การพยาบาล
Book การพยาบาล
สถานะ=หนังสือเก่า
WY100 อ317ก ล.2 ฉ.4 
  Barcode: 039829
ห้องสมุดวิทยาเขตสวรรค์ประชารักษ์
►ส่วนจัดเก็บหนังสือเก่า สปร
บนชั้น
  ขอยืม
6. Book การพยาบาล
Book การพยาบาล
สถานะ=หนังสือเก่า
WY100 อ317ก ล.2 ฉ.5 
  Barcode: 039830
ห้องสมุดวิทยาเขตสวรรค์ประชารักษ์
►ส่วนจัดเก็บหนังสือเก่า สปร
บนชั้น
  ขอยืม
7. Book การพยาบาล
Book การพยาบาล
WY100 อ317ก ล.2 ฉ.6 
  Barcode: 039831
ห้องสมุดวิทยาเขตสวรรค์ประชารักษ์
►วารสาร
บนชั้น
  ขอยืม
8. Book การพยาบาล
Book การพยาบาล
สถานะ=หนังสือเก่า
WY100 อ317ก ล.2 ฉ.7 
  Barcode: 039832
ห้องสมุดวิทยาเขตสวรรค์ประชารักษ์
►ส่วนจัดเก็บหนังสือเก่า สปร
บนชั้น
  ขอยืม
9. Book การพยาบาล
Book การพยาบาล
สถานะ=หนังสือเก่า
WY100 อ317ก ล.2 ฉ.8 
  Barcode: 039833
ห้องสมุดวิทยาเขตสวรรค์ประชารักษ์
►ส่วนจัดเก็บหนังสือเก่า สปร
บนชั้น
  ขอยืม
10. Book การพยาบาล
Book การพยาบาล
สถานะ=หนังสือเก่า
WY100 อ317ก ล.2 ฉ.9 
  Barcode: 039834
ห้องสมุดวิทยาเขตสวรรค์ประชารักษ์
►ส่วนจัดเก็บหนังสือเก่า สปร
บนชั้น
  ขอยืม

รายการใกล้เคียง
    ผู้แต่ง [อรชร ศรีไทรล้วน, บรรณาธิการ]

    หัวเรื่อง [การพยาบาลพื้นฐาน]
    หัวเรื่อง [พยาบาล]

BibComment


ยังไม่เคยถูกคอมเมนท์

คอมเมนท์ทรัพยากรรายการนี้
  คอมเมนท์: การพยาบาลพื้นฐาน..


 Copyright 2026. Bcnsprnw @Library